<?xml version="1.0" encoding="UTF-8"?>
<record
    xmlns:xsi="http://www.w3.org/2001/XMLSchema-instance"
    xsi:schemaLocation="http://www.loc.gov/MARC21/slim http://www.loc.gov/standards/marcxml/schema/MARC21slim.xsd"
    xmlns="http://www.loc.gov/MARC21/slim">

  <leader>00869nam a22002177a 4500</leader>
  <controlfield tag="005">20210625141117.0</controlfield>
  <controlfield tag="008">210623b        sp ||||| |||| 00| 0 spa d</controlfield>
  <datafield tag="020" ind1=" " ind2=" ">
    <subfield code="a">8472482731</subfield>
  </datafield>
  <datafield tag="050" ind1="0" ind2="4">
    <subfield code="a">KKT1180.63</subfield>
    <subfield code="b">F47 1995</subfield>
  </datafield>
  <datafield tag="100" ind1=" " ind2=" ">
    <subfield code="a">Fern&#xE1;ndez-Albor Baltar, Angel</subfield>
  </datafield>
  <datafield tag="245" ind1="1" ind2="3">
    <subfield code="a">La obra cinematogr&#xE1;fica reproducida en cintas de video </subfield>
    <subfield code="b">: (home video explotation)</subfield>
    <subfield code="c">/ &#xC1;ngel Fern&#xE1;ndez-Albor Baltar, Angel ; pr&#xF3;logo de Jos&#xE9; A. G&#xF3;mez Segade</subfield>
  </datafield>
  <datafield tag="250" ind1=" " ind2=" ">
    <subfield code="a">1a ed.</subfield>
  </datafield>
  <datafield tag="260" ind1=" " ind2=" ">
    <subfield code="a">Madrid, Espa&#xF1;a :</subfield>
    <subfield code="b">Marcial Pons :</subfield>
    <subfield code="b">Ediciones Jur&#xED;dicas,</subfield>
    <subfield code="c">1995</subfield>
  </datafield>
  <datafield tag="300" ind1=" " ind2=" ">
    <subfield code="a">215 p. ;</subfield>
    <subfield code="c">24 cm.</subfield>
  </datafield>
  <datafield tag="504" ind1=" " ind2=" ">
    <subfield code="a">Bibliograf&#xED;a : p. 203-210</subfield>
  </datafield>
  <datafield tag="650" ind1=" " ind2="7">
    <subfield code="2">lemb</subfield>
    <subfield code="a">Derechos de autor</subfield>
    <subfield code="x">Video</subfield>
    <subfield code="z">Espa&#xF1;a</subfield>
  </datafield>
  <datafield tag="650" ind1=" " ind2="7">
    <subfield code="2">lemb</subfield>
    <subfield code="a">Cintas de video</subfield>
    <subfield code="x">Propiedad intelectual</subfield>
    <subfield code="z">Espa&#xF1;a</subfield>
  </datafield>
  <datafield tag="650" ind1=" " ind2="7">
    <subfield code="2">lemb</subfield>
    <subfield code="a">Propiedad intelectual</subfield>
    <subfield code="x">Cine</subfield>
    <subfield code="z">Espa&#xF1;a</subfield>
  </datafield>
  <datafield tag="700" ind1="1" ind2=" ">
    <subfield code="a">Gomez Segade, Jos&#xE9; A.</subfield>
    <subfield code="e">prologuista</subfield>
  </datafield>
  <datafield tag="942" ind1=" " ind2=" ">
    <subfield code="2">lcc</subfield>
    <subfield code="c">LIB</subfield>
  </datafield>
  <datafield tag="999" ind1=" " ind2=" ">
    <subfield code="c">156355</subfield>
    <subfield code="d">156353</subfield>
  </datafield>
  <datafield tag="952" ind1=" " ind2=" ">
    <subfield code="1">0</subfield>
    <subfield code="2">lcc</subfield>
    <subfield code="4">0</subfield>
    <subfield code="7">0</subfield>
    <subfield code="a">POS-042</subfield>
    <subfield code="b">POS-042</subfield>
    <subfield code="c">CEV</subfield>
    <subfield code="d">2021-06-23</subfield>
    <subfield code="f">1a  ed.</subfield>
    <subfield code="i">D</subfield>
    <subfield code="k">CSA</subfield>
    <subfield code="l">0</subfield>
    <subfield code="o">KKT1180.63 F47 1995 </subfield>
    <subfield code="p">BPD000001721</subfield>
    <subfield code="r">2021-06-23 00:00:00</subfield>
    <subfield code="t">1</subfield>
    <subfield code="v">1.00</subfield>
    <subfield code="y">LIB</subfield>
  </datafield>
</record>
